[Event "Moscow Open A 2014"]
[Site "Moscow RUS"]
[Date "2014.02.08"]
[Round "8.7"]
[White "Shimanov, Aleksandr"]
[Black "Geller, Jakov"]
[Result "0-1"]
[WhiteTitle "GM"]
[BlackTitle "GM"]
[WhiteElo "2658"]
[BlackElo "2536"]
[WhiteFideId "4198603"]
[BlackFideId "4151984"]
[EventDate "2014.02.01"]

1. d4 d5 2. Bf4 Nf6 3. e3 c5 4. Nc3 cxd4 5. exd4 a6 6. Nce2 Nc6 7. c3 g6 8. Nf3
Bg7 9. Nc1 O-O 10. Be2 Ne4 11. Nd3 f6 12. O-O Re8 13. Be3 e5 14. Re1 Bf5 15. Nd2
Nxd2 16. Qxd2 Bxd3 17. Qxd3 e4 18. Qd2 Ne7 19. Bf4 h5 20. f3 Nf5 21. fxe4 dxe4
22. Bc4+ Kh7 23. Qf2 Bh6 24. Rad1 Nd6 25. Bd5 Bxf4 26. Qxf4 f5 27. c4 Qe7 28. a4
a5 29. c5 Nf7 30. Qe3 Rad8 31. Qb3 Ng5 32. Qxb7 Rd7 33. Qb3 Red8 34. h4 Nf3+ 35.
Qxf3 Rxd5 36. Qf2 Qg7 37. c6 Rc8 38. Qc2 Qf6 39. c7 Rd7 40. Qc5 Rdxc7 41. Qxa5
Qxh4 42. d5 Rc2 43. Qa7+ Kh6 44. Qe3+ f4 45. Qh3 Qxh3 46. gxh3 f3 0-1

[Event "Moscow Open A 2014"]
[Site "Moscow RUS"]
[Date "2014.02.08"]
[Round "8.8"]
[White "Krasenkow, Michal"]
[Black "Iljushin, Alexei"]
[Result "1-0"]
[WhiteTitle "GM"]
[BlackTitle "GM"]
[WhiteElo "2638"]
[BlackElo "2518"]
[WhiteFideId "1113100"]
[BlackFideId "4122178"]
[EventDate "2014.02.01"]

1. Nf3 d5 2. d4 Nf6 3. c4 c6 4. Nc3 a6 5. c5 Bf5 6. Qb3 Qc8 7. Bf4 Nbd7 8. h3 e6
9. g4 Bg6 10. g5 Ne4 11. h4 Nxc3 12. bxc3 Be4 13. Rg1 Be7 14. Nd2 Bf5 15. e4
Bxe4 16. Nxe4 dxe4 17. Bh3 O-O 18. Rb1 Ra7 19. h5 Kh8 20. g6 fxg6 21. Qxe6 Qe8
22. Bd2 Nf6 23. hxg6 Bd8 24. Qxe8 Rxe8 25. Ke2 h6 26. c4 Bc7 27. Rb3 Nh5 28.
Rgb1 e3 29. fxe3 Nf4+ 30. Kf1 Nxh3 31. Rxb7 Rxb7 32. Rxb7 Bb8 33. Bc3 Ng5 34. d5
Ne4 35. Bxg7+ Kg8 36. Bd4 Be5 37. dxc6 Bxd4 38. exd4 Rc8 39. d5 Nxc5 40. Re7 Kf8
41. Rf7+ Kg8 42. c7 Ne4 43. Rd7 1-0

[Event "Moscow Open A 2014"]
[Site "Moscow RUS"]
[Date "2014.02.08"]
[Round "8.9"]
[White "Swiercz, Dariusz"]
[Black "Sivuk, Vitaly"]
[Result "1-0"]
[WhiteTitle "GM"]
[BlackTitle "IM"]
[WhiteElo "2630"]
[BlackElo "2507"]
[WhiteFideId "1126881"]
[BlackFideId "14116502"]
[EventDate "2014.02.01"]

1. d4 Nf6 2. c4 e6 3. Nf3 b6 4. g3 Bb7 5. Bg2 Be7 6. Nc3 Ne4 7. Bd2 O-O 8. Rc1
d5 9. cxd5 exd5 10. O-O Nd7 11. Bf4 c5 12. Qa4 a6 13. Rfd1 Rc8 14. Qc2 Bf6 15.
Qb1 Re8 16. dxc5 Nxc3 17. bxc3 Nxc5 18. Bh3 Ne6 19. Be3 Rxc3 20. Rxc3 Bxc3 21.
Bxb6 Qe7 22. Bd4 Nxd4 23. Nxd4 Bc8 24. Bxc8 Rxc8 25. e3 Qd7 26. Qd3 Qa4 27. Nf5
Rd8 28. Ne7+ Kf8 29. Nxd5 Ba5 30. Kg2 Qc6 31. Qa3+ 1-0

[Event "Moscow Open A 2014"]
[Site "Moscow RUS"]
[Date "2014.02.08"]
[Round "8.10"]
[White "Predke, Alexandr"]
[Black "Volkov, Sergey"]
[Result "1/2-1/2"]
[BlackTitle "GM"]
[WhiteElo "2477"]
[BlackElo "2627"]
[WhiteFideId "24107581"]
[BlackFideId "4122763"]
[EventDate "2014.02.01"]

1. c4 e5 2. Nc3 Bb4 3. Nd5 Bc5 4. Nf3 c6 5. Nc3 Qe7 6. d4 exd4 7. Nxd4 Nf6 8.
Nf5 Qf8 9. Be3 Na6 10. Bxc5 Qxc5 11. Nd6+ Ke7 12. Nxc8+ Rhxc8 13. e3 Kf8 14. Be2
Re8 15. O-O Qe5 16. Qc2 Nc5 17. Rad1 a5 18. Bf3 a4 19. a3 h5 20. Qd2 Re6 21. Qd4
d6 22. g3 g6 23. h4 Nfd7 24. Kg2 Nb3 25. Qxe5 Nxe5 26. Be2 Nd7 27. Nb1 Ndc5 28.
Nd2 Nxd2 29. Rxd2 Ra6 30. Rfd1 Rb6 31. Rc2 f5 32. Rd4 Ke7 33. Bd1 Nb3 34. Rd3
Re5 35. Rdc3 Kd7 36. f3 Kc7 37. Kf2 Nc5 38. Rd2 Re8 39. Be2 Ra6 40. Bd1 Ra5 41.
Be2 Nb3 42. Rd1 Rd8 43. Bd3 Nc5 44. Be2 Re8 45. Rd2 Raa8 46. Rd1 Re5 47. Rd4 Nb3
48. Rd1 Rae8 49. Rcd3 R8e6 50. Rc3 Kc8 51. Bf1 Kd7 52. Be2 Kc7 53. Bf1 Re8 54.
Be2 Rd8 55. Rc2 Rc5 56. Rc3 Rd7 57. Ke1 Re7 58. Kf2 Ree5 59. Ke1 Ra5 60. Rcd3
Re6 61. Rc3 Ra8 62. Kf2 Nc5 63. Rd2 Kb6 64. Rd4 Nd7 65. Rd1 Kc5 66. Rd2 Ne5 67.
Rd4 Ra6 68. Rd2 Re8 69. Bf1 Rb6 70. Rdc2 Ra8 71. Be2 Rba6 72. Rd2 Re8 73. Bf1
Re6 74. Be2 Ra5 75. Bf1 Kb6 76. Be2 Rc5 77. Rd4 Nd7 78. Bd1 Ra5 79. Be2 Nc5 80.
Rd1 Ra8 81. Rd4 Rae8 82. Rd1 Nb3 83. Rdd3 Ka5 84. Rd1 Rf6 85. Rcd3 Ree6 86. Rc3
Nc5 1/2-1/2

[Event "Moscow Open A 2014"]
[Site "Moscow RUS"]
[Date "2014.02.08"]
[Round "8.11"]
[White "Frolyanov, Dmitry"]
[Black "Potapov, Pavel"]
[Result "1-0"]
[WhiteTitle "GM"]
[BlackTitle "IM"]
[WhiteElo "2577"]
[BlackElo "2469"]
[WhiteFideId "4151976"]
[BlackFideId "4169786"]
[EventDate "2014.02.01"]

1. e4 c5 2. Nf3 e6 3. d4 cxd4 4. Nxd4 a6 5. Bd3 Bc5 6. Nb3 Be7 7. Qg4 Bf6 8. O-O
Nc6 9. f4 d6 10. Nc3 Nge7 11. Be3 b6 12. Rad1 Qc7 13. Nd2 Rb8 14. e5 dxe5 15.
Nde4 Ng6 16. f5 exf5 17. Nxf6+ gxf6 18. Bxf5 Nce7 19. Bxc8 Qxc8 20. Ne4 h5 21.
Nxf6+ Kf8 22. Nd7+ Ke8 23. Nf6+ Kf8 24. Qg5 Kg7 25. Nd7 1-0

[Event "Moscow Open A 2014"]
[Site "Moscow RUS"]
[Date "2014.02.08"]
[Round "8.12"]
[White "Atabayev, Maksat"]
[Black "Shomoev, Anton"]
[Result "1/2-1/2"]
[WhiteTitle "IM"]
[BlackTitle "GM"]
[WhiteElo "2471"]
[BlackElo "2568"]
[WhiteFideId "14001101"]
[BlackFideId "4135148"]
[EventDate "2014.02.01"]

1. e4 c5 2. Nf3 d6 3. d4 cxd4 4. Nxd4 Nf6 5. Nc3 a6 6. Be2 e6 7. O-O Be7 8. f4
O-O 9. Kh1 Qc7 10. Qe1 b5 11. Bf3 Bb7 12. e5 Ne8 13. f5 dxe5 14. Bxb7 Qxb7 15.
Qxe5 Bf6 16. Qe3 Bxd4 17. Qxd4 Nc6 18. Qc5 exf5 19. Nd5 Rc8 20. Bf4 f6 21. Rae1
Rf7 22. Re6 g5 23. Bc1 Kg7 24. Ne3 Ne7 25. Nxf5+ Nxf5 26. Qxf5 Qd7 27. c3 Rc5
28. Qh3 Rc6 29. Rfe1 Nc7 30. Rxc6 Qxc6 31. Qg4 h6 32. h3 Nd5 33. Re6 Qb7 34. Qe4
Qd7 35. Qe2 Re7 36. Rxe7+ Nxe7 37. Bd2 h5 38. b3 h4 39. Kg1 Nf5 40. Be1 Ng3 41.
Qf3 Qd6 42. Bxg3 hxg3 43. Kf1 Qe5 44. a3 a5 45. a4 bxa4 46. bxa4 Kg6 47. Qd3+
Kh6 48. Qf3 Kg7 49. Qb7+ Kg6 50. Qf3 Kh6 51. Qc6 Kg6 52. Qf3 f5 53. Qc6+ Kf7 54.
Qd7+ Kg6 55. Qc6+ Qf6 56. Qe8+ Qf7 57. Qc6+ Kg7 58. Ke2 1/2-1/2

[Event "Moscow Open A 2014"]
[Site "Moscow RUS"]
[Date "2014.02.08"]
[Round "8.13"]
[White "Bortnyk, Olexandr"]
[Black "Mozharov, Mikhail"]
[Result "1/2-1/2"]
[WhiteTitle "IM"]
[BlackTitle "IM"]
[WhiteElo "2463"]
[BlackElo "2564"]
[WhiteFideId "14120828"]
[BlackFideId "4189825"]
[EventDate "2014.02.01"]

1. e4 e5 2. Nf3 Nc6 3. Bc4 Bc5 4. c3 Nf6 5. d4 exd4 6. cxd4 Bb4+ 7. Nbd2 d5 8.
exd5 Nxd5 9. O-O O-O 10. Ne4 Be7 11. h3 Nb6 12. Bb3 Bf5 13. Re1 Bg6 14. a3 Re8
15. Nc5 Nxd4 16. Nxb7 Nxf3+ 17. Qxf3 Qd4 18. Bf4 Bf6 19. Bxc7 Qxb2 20. Nd6 Rxe1+
21. Rxe1 Rf8 22. Nb5 Nd7 23. Bd6 Ne5 24. Qe3 Nd3 25. Bxf8 Qxb3 26. Nc7 h6 27.
Bd6 Bd4 28. Qxd4 Nxe1 29. Bf8 f6 30. Qd8 Kh7 31. Nd5 Qb7 32. Kh2 Bf7 33. Ne3 Bg6
34. h4 h5 35. Qe7 Qxe7 36. Bxe7 Nc2 37. Nd5 Nd4 38. Bc5 Nc6 39. Kg3 Bf7 40. Nc7
g5 41. hxg5 fxg5 42. Kf3 Kg6 43. Ke4 h4 44. f4 1/2-1/2

[Event "Moscow Open A 2014"]
[Site "Moscow RUS"]
[Date "2014.02.08"]
[Round "8.14"]
[White "Savchenko, Boris"]
[Black "Aghasaryan, Robert"]
[Result "1/2-1/2"]
[WhiteTitle "GM"]
[BlackTitle "FM"]
[WhiteElo "2556"]
[BlackElo "2467"]
[WhiteFideId "4147332"]
[BlackFideId "13302841"]
[EventDate "2014.02.01"]

1. d4 d5 2. c4 e6 3. Nc3 Be7 4. Nf3 Nf6 5. Bg5 h6 6. Bh4 O-O 7. e3 b6 8. Qc2 Bb7
9. a3 Nbd7 10. cxd5 Nxd5 11. Bxe7 Nxe7 12. Rd1 Qc8 13. Nb5 a6 14. Nc3 c5 15. Be2
cxd4 16. Rxd4 Nd5 17. O-O Nxc3 18. Qxc3 Qxc3 19. bxc3 Bc6 20. Rfd1 Ra7 21. Kf1
Rc8 22. h4 Kf8 23. h5 Ke7 24. Nd2 b5 25. c4 Ne5 26. Rb1 Nxc4 27. Nxc4 bxc4 28.
Rxc4 Bd7 29. Rg4 Kf6 30. Rf4+ Ke7 31. Rg4 Kf6 32. Rf4+ Ke7 33. Rg4 Kf6 1/2-1/2

[Event "Moscow Open A 2014"]
[Site "Moscow RUS"]
[Date "2014.02.08"]
[Round "8.15"]
[White "Kornev, Alexei"]
[Black "Gavrilov, Alexei1"]
[Result "1/2-1/2"]
[WhiteTitle "GM"]
[BlackTitle "GM"]
[WhiteElo "2539"]
[BlackElo "2456"]
[WhiteFideId "4120949"]
[BlackFideId "4104358"]
[EventDate "2014.02.01"]

1. d4 Nf6 2. c4 e6 3. Nc3 Bb4 4. Qc2 d6 5. Bg5 Nbd7 6. e3 h6 7. Bh4 b6 8. Bd3
Bb7 9. f3 c5 10. Ne2 O-O 11. O-O cxd4 12. exd4 Rc8 13. Rad1 g5 14. Bg3 d5 15.
Qb3 Qe7 16. Rfe1 Rfd8 17. a3 Bd6 18. Bf2 Nf8 19. cxd5 Nxd5 20. Ng3 Bb8 21. Bb1
Qc7 22. Rc1 Qf4 23. Qd1 Nxc3 24. bxc3 Ba6 25. a4 Rd7 26. Re4 Qd6 27. Qd2 f5 28.
Ree1 Bc4 29. Bd3 Qc6 30. Bxc4 Qxc4 31. Nh5 Kf7 32. Qc2 Ng6 33. g4 Ne7 34. Re2
Rc6 35. h4 Qd5 36. Qd3 Qc4 37. Qd2 Ng6 38. hxg5 hxg5 39. Qxg5 Qxe2 40. Qf6+ Ke8
41. Qxg6+ Kd8 42. Nf6 Rdd6 43. d5 Rc4 44. Re1 Qxf3 45. dxe6 Rd2 46. e7+ Kc7 47.
Rf1 Kb7 48. e8=Q Bh2+ 49. Kxh2 Rxf2+ 50. Rxf2 Qxf2+ 51. Kh1 Qf1+ 52. Kh2 Qf2+
53. Kh1 1/2-1/2

[Event "Moscow Open A 2014"]
[Site "Moscow RUS"]
[Date "2014.02.09"]
[Round "9.2"]
[White "Matlakov, Maxim"]
[Black "Swiercz, Dariusz"]
[Result "1-0"]
[WhiteTitle "GM"]
[BlackTitle "GM"]
[WhiteElo "2690"]
[BlackElo "2630"]
[WhiteFideId "4168003"]
[BlackFideId "1126881"]
[EventDate "2014.02.01"]

1. Nf3 f5 2. d4 Nf6 3. g3 g6 4. Bg2 Bg7 5. O-O O-O 6. c4 d6 7. Nc3 c6 8. Rb1 a5
9. Qb3 Kh8 10. Rd1 Na6 11. Be3 Rb8 12. d5 c5 13. Bd2 Bd7 14. Re1 Qe8 15. Ng5 h6
16. Ne6 Bxe6 17. dxe6 Nc7 18. Nd5 a4 19. Nxc7 axb3 20. Nxe8 bxa2 21. Ra1 Nxe8
22. Rxa2 Nc7 23. Ra7 Nxe6 24. Bxb7 Nd4 25. Bc3 Nc2 26. Rc1 Nd4 27. Kf1 Bf6 28.
e3 Nb3 29. Rd1 Kg7 30. Bd5 Rfe8 31. Bc6 Bxc3 32. bxc3 Rec8 33. Rxd6 Kf8 34. Rxg6
Rb6 35. Bd7 Nd2+ 36. Ke2 Rxg6 37. Bxc8 Nxc4 38. Bxf5 Rb6 39. Rc7 Rb2+ 40. Ke1
Nd6 41. Rxc5 1-0

[Event "Moscow Open A 2014"]
[Site "Moscow RUS"]
[Date "2014.02.09"]
[Round "9.3"]
[White "Geller, Jakov"]
[Black "Grachev, Boris"]
[Result "1/2-1/2"]
[WhiteTitle "GM"]
[BlackTitle "GM"]
[WhiteElo "2536"]
[BlackElo "2669"]
[WhiteFideId "4151984"]
[BlackFideId "4129199"]
[EventDate "2014.02.01"]

1. e4 c5 2. Nf3 e6 3. d4 cxd4 4. Nxd4 Nc6 5. Nb5 d6 6. Bf4 e5 7. Be3 a6 8. N5c3
Nf6 9. Bc4 Be7 10. Nd5 Nxd5 11. Bxd5 O-O 12. O-O Bg5 13. Re1 Be6 14. Na3 Bxe3
15. Rxe3 Rc8 16. c3 b5 17. Rd3 Qh4 18. f3 Qe7 19. Nc2 Rfd8 20. a4 Bxd5 21. Rxd5
bxa4 22. Rxa4 Qb7 23. Nb4 a5 24. Nxc6 Rxc6 25. Qd2 Rb6 26. Ra2 Ra6 27. Kh1 Qb6
28. c4 Qb3 29. Raxa5 Qxc4 30. h4 Rxa5 31. Qxa5 Qc1+ 32. Kh2 Qf4+ 33. Kh3 Qf6 34.
Qc7 h5 35. b4 Qe6+ 36. Kg3 Rc8 37. Qxd6 Qxd6 38. Rxd6 Rb8 39. Rd5 Rxb4 40. Rxe5
g6 41. Kf4 Kg7 42. Ra5 Rb2 43. g3 Rb3 44. g4 hxg4 45. Kxg4 Rb1 46. h5 gxh5+ 47.
Kxh5 Rh1+ 48. Kg5 f6+ 49. Kg4 Rg1+ 50. Kf4 Kg6 51. Ra6 Kf7 52. Ke3 Re1+ 53. Kf2
Rb1 54. Ra3 f5 55. Ra7+ Ke6 56. Ra6+ Ke7 57. e5 f4 58. Rf6 Rb2+ 59. Kf1 Rb5 60.
Rxf4 Rxe5 61. Re4 1/2-1/2

[Event "Moscow Open A 2014"]
[Site "Moscow RUS"]
[Date "2014.02.09"]
[Round "9.4"]
[White "Popov, Ivan RUS"]
[Black "Jumabayev, Rinat"]
[Result "1/2-1/2"]
[WhiteTitle "GM"]
[BlackTitle "GM"]
[WhiteElo "2653"]
[BlackElo "2564"]
[WhiteFideId "4170350"]
[BlackFideId "13702661"]
[EventDate "2014.02.01"]

1. e4 e5 2. Nf3 Nc6 3. Bb5 Nf6 4. d3 Bc5 5. Bxc6 dxc6 6. O-O Nd7 7. Be3 Bd6 8.
Nbd2 O-O 9. Nc4 Re8 10. Nfd2 Nf8 11. Nxd6 cxd6 12. f4 exf4 13. Bxf4 Be6 14. b3
Ng6 15. Bg3 Qd7 16. h3 f6 17. a4 Rad8 18. Bf2 c5 19. c4 f5 20. Bg3 Rf8 21. Qc2
Qe7 22. Bh2 Nh4 23. Nf3 Nxf3+ 24. Rxf3 fxe4 25. Rxf8+ Qxf8 26. dxe4 Bd7 27. Qd3
Bc6 28. Re1 Qe7 29. Bg3 Qe6 30. a5 h6 31. Re3 a6 32. Kh2 Rd7 33. Kg1 Rd8 34. Kh2
Rd7 35. Kg1 Rd8 36. Kh2 Rd7 37. Kg1 Rd8 38. Kh2 Rd7 39. Kg1 Rd8 40. Kh2 Rd7 41.
Kg1 Rd8 42. Kh2 Rd7 43. Kg1 Rd8 44. Kh2 Rd7 45. Kg1 Rd8 46. Kh2 Rd7 47. Kg1 1/2-1/2

[Event "Moscow Open A 2014"]
[Site "Moscow RUS"]
[Date "2014.02.09"]
[Round "9.5"]
[White "Bartel, Mateusz"]
[Black "Kokarev, Dmitry"]
[Result "1-0"]
[WhiteTitle "GM"]
[BlackTitle "GM"]
[WhiteElo "2651"]
[BlackElo "2628"]
[WhiteFideId "1112635"]
[BlackFideId "4132181"]
[EventDate "2014.02.01"]

1. e4 c5 2. Nc3 d6 3. Nge2 Nf6 4. g3 Nc6 5. Bg2 g6 6. O-O Bg7 7. d3 O-O 8. h3
Rb8 9. a4 a6 10. f4 Nd7 11. Nd5 b5 12. axb5 axb5 13. c3 Bb7 14. f5 Nce5 15. Bg5
Re8 16. Qd2 Ra8 17. Rxa8 Bxa8 18. Nef4 Nb6 19. fxg6 hxg6 20. h4 Bxd5 21. exd5
Bf6 22. d4 Nbc4 23. Qe2 cxd4 24. cxd4 Nd7 25. Qd3 Qb6 26. Bxf6 exf6 27. b3 Nde5
28. Qc3 b4 29. Qa1 Nd2 30. Rf2 Nxb3 31. Qa4 Rc8 32. dxe5 Nc5 33. Qc2 b3 34. Qb1
Na4 35. e6 Rc2 36. Qe1 Rxf2 37. Qxf2 Qxf2+ 38. Kxf2 fxe6 39. dxe6 b2 40. Be4 Nc3
41. Bxg6 b1=Q 42. Bxb1 Nxb1 43. Nd5 Kg7 44. h5 1-0

[Event "Moscow Open A 2014"]
[Site "Moscow RUS"]
[Date "2014.02.09"]
[Round "9.6"]
[White "Khairullin, Ildar"]
[Black "Frolyanov, Dmitry"]
[Result "1/2-1/2"]
[WhiteTitle "GM"]
[BlackTitle "GM"]
[WhiteElo "2651"]
[BlackElo "2577"]
[WhiteFideId "4151348"]
[BlackFideId "4151976"]
[EventDate "2014.02.01"]

1. c4 e5 2. g3 Nf6 3. Bg2 d5 4. cxd5 Nxd5 5. Nc3 Nb6 6. e3 Nc6 7. Nge2 Bd6 8.
O-O O-O 9. f4 f6 10. f5 Bd7 11. g4 Be8 12. b3 Bf7 13. Bb2 Rb8 14. Ne4 Be7 15. d4
Nd5 16. dxe5 Nxe5 17. Bxe5 fxe5 18. Qd3 c6 19. N2c3 Qb6 20. Rf3 Rbd8 21. Na4 Qa5
22. Qc2 Nf6 23. Nac5 Bxc5 24. Qxc5 Qxc5 25. Nxc5 b6 26. g5 bxc5 27. gxf6 gxf6
28. Rg3+ Kh8 29. Bxc6 Rd2 30. e4 Rg8 31. Rxg8+ Kxg8 32. Rc1 Rxa2 33. Rxc5 Bxb3
34. Rb5 Rc2 35. Rxb3 Rxc6 36. Rb8+ Kg7 37. Rb7+ Kh6 38. Rxa7 Rc4 39. Rf7 Kg5 40.
h4+ Kxh4 41. Rxf6 Kg5 42. Rf7 Kh4 43. Rf6 Kg3 44. Kf1 Kf3 45. Kg1 Rxe4 46. Rh6
Rg4+ 47. Kf1 Rg7 48. f6 Ra7 49. Ke1 Kg4 50. Rh2 Kg5 51. Kf2 Kxf6 52. Ke3 Ra3+
53. Ke4 Ra4+ 54. Ke3 Kg6 55. Rg2+ Kf5 56. Rf2+ Kg5 57. Rf8 Ra7 58. Ke4 Re7 59.
Rg8+ Kf6 60. Rf8+ Kg7 61. Rf5 Kg6 62. Rf8 h5 63. Rg8+ Kf6 64. Rh8 Kg5 65. Rg8+
Kh4 66. Rg1 Re8 67. Rh1+ Kg5 68. Rg1+ Kf6 69. Rf1+ Kg6 70. Rg1+ Kh6 71. Kf5 Rf8+
72. Kxe5 h4 73. Ke4 Kh5 74. Ke3 h3 75. Rg7 Kh4 76. Rh7+ Kg3 77. Rg7+ Kh2 78. Ke2
Ra8 79. Kf1 Ra1+ 80. Kf2 Ra2+ 81. Kf1 Rg2 82. Rf7 Rg5 83. Rf2+ Kg3 84. Kg1 Rg4
85. Rg2+ Kh4 1/2-1/2

[Event "Moscow Open A 2014"]
[Site "Moscow RUS"]
[Date "2014.02.09"]
[Round "9.7"]
[White "Gabrielian, Artur"]
[Black "Krasenkow, Michal"]
[Result "0-1"]
[WhiteTitle "GM"]
[BlackTitle "GM"]
[WhiteElo "2555"]
[BlackElo "2638"]
[WhiteFideId "4131002"]
[BlackFideId "1113100"]
[EventDate "2014.02.01"]

1. e4 c5 2. Nf3 Nc6 3. d4 cxd4 4. Nxd4 Nf6 5. Nc3 e5 6. Ndb5 d6 7. Bg5 a6 8. Na3
b5 9. Bxf6 gxf6 10. Nd5 f5 11. c3 Bg7 12. exf5 Bxf5 13. Nc2 Be6 14. g3 O-O 15.
Bg2 f5 16. O-O a5 17. Re1 Rc8 18. Re2 b4 19. cxb4 axb4 20. Ndxb4 Nxb4 21. Nxb4
e4 22. Nd5 Kh8 23. Nf4 Bf7 24. Rd2 Be5 25. a4 Bxf4 26. gxf4 d5 27. Ra3 Qd6 28.
b4 Qxf4 29. Qa1+ Kg8 30. Rg3+ Bg6 31. Qa2 Rc1+ 32. Bf1 Qe5 33. Rxd5 Qa1 34. Qxa1
Rxa1 35. f4 Rc8 36. Rc5 Rd8 37. Kf2 Rd2+ 38. Ke3 Rxh2 39. Bc4+ Kf8 40. Bb3 Re1+
41. Kd4 e3 42. Re5 e2 43. Rge3 Rb1 44. Kc3 Rc1+ 45. Kd4 Rf2 46. Rxe2 Rxf4+ 47.
Ke3 Rxb4 48. Kd2 Rc7 49. Rb5 Rd4+ 50. Ke3 Rh4 51. Kd2 f4 52. Rf2 Rd7+ 53. Kc3
Rd3+ 54. Kb2 f3 55. Bc2 Re3 56. Bd1 Rf4 57. Rb3 Rxb3+ 58. Kxb3 Bh5 59. Kc3 Rf6
60. Bc2 Kg7 61. Be4 Kh6 62. Kd4 Kg5 63. Ke3 Re6 64. Kd4 Kf4 65. Bd5 Re2 66. Rf1
Rd2+ 67. Kc5 f2 68. a5 Ke3 69. a6 Be2 0-1

[Event "Moscow Open A 2014"]
[Site "Moscow RUS"]
[Date "2014.02.09"]
[Round "9.9"]
[White "Volkov, Sergey"]
[Black "Pavlov, Sergey2"]
[Result "1-0"]
[WhiteTitle "GM"]
[BlackTitle "IM"]
[WhiteElo "2627"]
[BlackElo "2485"]
[WhiteFideId "4122763"]
[BlackFideId "14114330"]
[EventDate "2014.02.01"]

1. d4 Nf6 2. c4 e6 3. Nc3 Bb4 4. f3 c5 5. d5 O-O 6. e4 b5 7. e5 exd5 8. exf6 d4
9. a3 Ba5 10. b4 dxc3 11. bxa5 Re8+ 12. Kf2 Qxf6 13. Qd5 c2 14. Ra2 Bb7 15. Qd2
bxc4 16. Rxc2 d5 17. Bb2 Qh4+ 18. g3 Qh5 19. Bg2 d4 20. Rxc4 Nd7 21. Nh3 Ne5 22.
Rxc5 Nd3+ 23. Qxd3 Qxc5 24. Rc1 Qxa5 25. Qxd4 f6 26. Qc4+ Bd5 27. Qb4 Qxb4 28.
axb4 Rab8 29. Nf4 Bf7 30. Bc3 Rec8 31. Bh3 Rc6 32. Ne2 Ra6 33. Nd4 g6 34. b5
Ra2+ 35. Kg1 a6 36. Nc6 Rxb5 37. Bxf6 Kf8 38. f4 Bd5 39. Ne5 Bb7 40. Bf1 Rb4 41.
Rd1 1-0

[Event "Moscow Open A 2014"]
[Site "Moscow RUS"]
[Date "2014.02.09"]
[Round "9.10"]
[White "Prizant, Jaroslav"]
[Black "Demchenko, Anton"]
[Result "0-1"]
[WhiteTitle "IM"]
[BlackTitle "GM"]
[WhiteElo "2534"]
[BlackElo "2617"]
[WhiteFideId "4140664"]
[BlackFideId "4160258"]
[EventDate "2014.02.01"]

1. d4 Nf6 2. c4 g6 3. Nc3 Bg7 4. e4 O-O 5. Nge2 d6 6. f3 a6 7. Be3 Nbd7 8. Qd2
c6 9. d5 Ne5 10. Nd4 e6 11. dxc6 bxc6 12. Be2 d5 13. cxd5 cxd5 14. f4 Nc4 15.
Bxc4 dxc4 16. e5 Ng4 17. O-O-O Bb7 18. h3 Nxe3 19. Qxe3 Qa5 20. Rd2 g5 21. Re1
gxf4 22. Qxf4 Kh8 23. Nf3 Rac8 24. Rd4 Rc5 25. Ng5 Kg8 26. Rd7 Rc7 27. Rxc7 Qxc7
28. Re3 h6 29. Nf3 f6 30. Qg4 f5 31. Qf4 Bxf3 32. gxf3 Rd8 33. Qg3 Kh7 34. f4
Bf8 35. Re2 Rd3 36. Re3 Rd7 37. Re2 Bg7 38. Re3 Rd8 39. Re2 Bf8 40. Re3 Rd7 41.
Re2 Qc6 42. Rd2 Rg7 43. Qh4 Bc5 44. Kc2 Be3 45. Re2 Qf3 46. Qd8 Bxf4 47. Qd4 Rc7
48. h4 h5 49. Re1 Qg2+ 50. Ne2 Bg3 51. Qd8 0-1

[Event "Moscow Open A 2014"]
[Site "Moscow RUS"]
[Date "2014.02.09"]
[Round "9.11"]
[White "Amonatov, Farrukh"]
[Black "Predke, Alexandr"]
[Result "1-0"]
[WhiteTitle "GM"]
[WhiteElo "2613"]
[BlackElo "2477"]
[WhiteFideId "14700077"]
[BlackFideId "24107581"]
[EventDate "2014.02.01"]

1. e4 e5 2. Nf3 Nc6 3. d4 exd4 4. Nxd4 Nf6 5. Nxc6 bxc6 6. Qe2 Qe7 7. Nc3 Qe6 8.
Bd2 Rb8 9. O-O-O Bb4 10. a3 Bc5 11. Be3 Bb6 12. Bxb6 axb6 13. e5 Nd5 14. Qd2
Nxc3 15. Qxc3 O-O 16. f4 d5 17. exd6 cxd6 18. Qxc6 Qa2 19. Qb5 d5 20. Qb3 Qxb3
21. cxb3 Re8 22. Bb5 Re4 23. g3 Be6 24. Bd3 Re3 25. f5 Bd7 26. Rhe1 Rf3 27. Rf1
Re3 28. Kd2 Re5 29. Rc1 g6 30. f6 Be6 31. Rf4 Kf8 32. Rc6 Rh5 33. h4 g5 34. Rb4
gxh4 35. Rxh4 Rg5 36. Rxh7 Kg8 37. Rc1 Rxg3 38. Rh2 Rd8 39. Rch1 Kf8 40. Rh8+
Rg8 41. b4 d4 42. a4 Rd6 43. a5 Bd5 44. Rxg8+ Kxg8 45. Bh7+ Kf8 46. Be4 Ke8 47.
Bxd5 Rxd5 48. a6 1-0

[Event "Moscow Open A 2014"]
[Site "Moscow RUS"]
[Date "2014.02.09"]
[Round "9.12"]
[White "Atabayev, Maksat"]
[Black "Grigoryan, Karen H."]
[Result "0-1"]
[WhiteTitle "IM"]
[BlackTitle "GM"]
[WhiteElo "2471"]
[BlackElo "2584"]
[WhiteFideId "14001101"]
[BlackFideId "13301004"]
[EventDate "2014.02.01"]

1. e4 c5 2. Nf3 d6 3. Bb5+ Nd7 4. d4 cxd4 5. Qxd4 a6 6. Bxd7+ Bxd7 7. Nc3 e5 8.
Qd3 h6 9. Be3 Nf6 10. Nd2 b5 11. a4 Rb8 12. O-O Be7 13. axb5 axb5 14. b4 O-O 15.
Ra7 Qc8 16. Nd5 Nxd5 17. exd5 f5 18. f3 Re8 19. Qb3 Qd8 20. c4 bxc4 21. Nxc4 Bb5
22. Re1 Bh4 23. g3 f4 24. Bf2 fxg3 25. hxg3 Bg5 26. Na3 Rf8 27. Nxb5 Rxb5 28.
Re4 Qb8 29. Kg2 Kh8 30. Rg4 Rc8 31. Qa4 Rb7 32. Rxb7 Qxb7 33. b5 Qxd5 34. b6 Rf8
35. Qe4 Qd1 36. Rxg5 hxg5 37. b7 g4 38. Qxg4 Qd5 39. Qc8 Qxf3+ 40. Kh3 Qxf2 41.
b8=Q Rxc8 42. Qxc8+ Kh7 43. Qe8 Qf5+ 44. g4 Qd3+ 45. Kh4 Qg6 46. Qc6 Qh6+ 47.
Kg3 Qf4+ 48. Kh3 e4 49. g5 Kg6 50. Qe8+ Kxg5 51. Qe7+ Qf6 52. Qe8 d5 53. Kh2 d4 0-1

[Event "Moscow Open A 2014"]
[Site "Moscow RUS"]
[Date "2014.02.09"]
[Round "9.13"]
[White "Grigoriants, Sergey"]
[Black "Yandemirov, Valeri"]
[Result "1-0"]
[WhiteTitle "GM"]
[BlackTitle "GM"]
[WhiteElo "2581"]
[BlackElo "2378"]
[WhiteFideId "4130804"]
[BlackFideId "4102622"]
[EventDate "2014.02.01"]

1. Nf3 Nf6 2. c4 g6 3. Nc3 d5 4. cxd5 Nxd5 5. Qb3 Nb6 6. d4 Bg7 7. e4 O-O 8. Be3
c6 9. Rd1 Be6 10. Qc2 Bc4 11. Bxc4 Nxc4 12. Bg5 Nb6 13. O-O Na6 14. Qc1 Re8 15.
Bh6 Bh8 16. h4 Nc7 17. h5 Qd7 18. hxg6 hxg6 19. Ne5 Bxe5 20. dxe5 Qe6 21. Rd3
Nc4 22. f4 Red8 23. Rfd1 Rxd3 24. Rxd3 Ne8 25. b3 Nb6 26. Qe1 f5 27. Qh4 Ng7 28.
Bxg7 Kxg7 29. exf5 Qxf5 30. Qxe7+ Qf7 31. Qxf7+ Kxf7 32. Rd6 Re8 33. Ne4 Nd5 34.
Rxd5 cxd5 35. Nd6+ 1-0

[Event "Moscow Open A 2014"]
[Site "Moscow RUS"]
[Date "2014.02.09"]
[Round "9.14"]
[White "Shomoev, Anton"]
[Black "Bortnyk, Olexandr"]
[Result "1-0"]
[WhiteTitle "GM"]
[BlackTitle "IM"]
[WhiteElo "2568"]
[BlackElo "2463"]
[WhiteFideId "4135148"]
[BlackFideId "14120828"]
[EventDate "2014.02.01"]

1. d4 f5 2. g3 Nf6 3. Bg2 d6 4. Nf3 g6 5. c4 Bg7 6. b4 O-O 7. Bb2 e5 8. dxe5 Ng4
9. c5 Nxe5 10. cxd6 Qxd6 11. Nxe5 1-0